GJEOLOGJIA E KOSOVES (Record no. 60595)
[ view plain ]
| 000 -LEADER | |
|---|---|
| fixed length control field | 00327nam a22001457a 4500 |
| 008 - FIXED-LENGTH DATA ELEMENTS--GENERAL INFORMATION | |
| fixed length control field | 240311b ||||| |||| 00| 0 eng d |
| 020 ## - INTERNATIONAL STANDARD BOOK NUMBER | |
| International Standard Book Number | 9789951000680 |
| 041 ## - LANGUAGE CODE | |
| Language code of text/sound track or separate title | SHQIP |
| 080 ## - UNIVERSAL DECIMAL CLASSIFICATION NUMBER | |
| Edition identifier | 2008 |
| Universal Decimal Classification number | 574 |
| 082 ## - DEWEY DECIMAL CLASSIFICATION NUMBER | |
| Classification number | 574ELE |
| 100 ## - Rafti | |
| Rafti | 44 |
| 101 ## - Shkurtesa | |
| Shkurtesa | MJEDISI |
| 245 ## - TITLE STATEMENT | |
| Title | GJEOLOGJIA E KOSOVES |
| Statement of responsibility, etc | ELEZAJ ZENUN |
| 942 ## - ADDED ENTRY ELEMENTS (KOHA) | |
| Source of classification or shelving scheme | |
| Item type | Books |
| Withdrawn status | Lost status | Source of classification or shelving scheme | Damaged status | Not for loan | Collection code | Permanent location | Current location | Date acquired | Total Checkouts | Full call number | Barcode | Date last seen | Price effective from | Koha item type |
|---|---|---|---|---|---|---|---|---|---|---|---|---|---|---|
| Koleksioni i përgjithshem | UBT - Lipjan | UBT - Lipjan | 03/11/2024 | 574ELE | 002-800070613 | 03/11/2024 | 03/11/2024 | Books | ||||||
| Koleksioni i përgjithshem | UBT - Lipjan | UBT - Lipjan | 03/11/2024 | 574ELE | 002-800070614 | 03/11/2024 | 03/11/2024 | Books | ||||||
| Koleksioni i përgjithshem | UBT - Lipjan | UBT - Lipjan | 03/11/2024 | 574ELE | 002-800070615 | 03/11/2024 | 03/11/2024 | Books | ||||||
| Koleksioni i përgjithshem | UBT - Lipjan | UBT - Lipjan | 03/11/2024 | 574ELE | 002-800070616 | 03/11/2024 | 03/11/2024 | Books | ||||||
| Koleksioni i përgjithshem | UBT - Lipjan | UBT - Lipjan | 03/11/2024 | 574ELE | 002-800070617 | 03/11/2024 | 03/11/2024 | Books |